000 00875nam a22003017a 4500
001 1598
003 BR-CuiBMT
005 20231216223439.0
008 231216c1999 mtbfr p 0 a1por d
022 _a1519-1753
040 _aBR-CuiBMT
_cBR-CuiBMT
080 _a34
_x(05)
_22007
090 _dPeriódico
_a34(05)
097 _aA
_bLocal
_cInterdisciplinar
097 _aC
_bLocal
_cEducação
098 _a095028-9
210 1 _aRev. juríd. Univ. Cuiabá
245 0 0 _aRevista jurídica da Universidade de Cuiabá
260 _aCuiabá :
_bEdUNIC,
_c1999-
300 _av. ;
_b23 cm
310 _aSemestral
_b2010-
321 0 _aVol. 1, no. 1 (1999) -
362 _aData de início da coleção na Biblioteca : 2006 -
650 _aDireito
_vPeriódicos
650 _aCiências jurídicas
_vPeriódicos
710 2 _aUniversidade de Cuiabá.
942 _2udc
_cREV
999 _c1598
_d1598